| 000 | 00343nam a2200133Ia 4500 | ||
|---|---|---|---|
| 005 | 20260328104310.0 | ||
| 008 | 260328s9999||||xx |||||||||||||| ||und|| | ||
| 100 | _aChízmar, Carla | ||
| 245 | 0 |
_aPlantas de uso folclórico y tradicional en Panamá / _cCarla Chízmar |
|
| 260 | _bINBIO | ||
| 300 | _a129 p. | ||
| 650 | _aPANAMÁ | ||
| 942 | _cBK | ||
| 999 |
_c10924 _d10924 |
||